La province de Provence de A à Z - Statistiques

Statistiques générales
  • Ce quiz a été pris 25 fois
  • Le résultat moyen est 8 sur 26
Statistiques - réponses
Lettre Question Réponse % Correct
Z Footballeur né en 1972 à Marseille Zinédine Zidane
91%
A Ville capitale du comté de Provence au Haut Moyen-âge Arles | Aix-en-Provence
82%
F Oiseau emblématique de la camargue (2 mots) Flamant rose
82%
I Château au large de Marseille If
82%
N La dernière ville de provence à l'est est Nice
77%
D Historiquement, la Provence commence à l'est du (...) du Rhône delta
73%
S Montagne souvent peinte par Cézanne Sainte-Victoire
73%
B En 1970, ce département devient celui de Alpes-de-Haute-Provence Basses-Alpes
64%
L C'est pendant le règne de ce roi que la Provence devient une province de France en 1481 Louis XI
64%
W Peuple qui essaye d'envahir la Provence en 426, 452 et 458 Wisigoths
64%
C En 1793, propriété du pape annexée sous le nom de Vaucluse Comtat Venaissin
32%
G Pour les Romains, la Province appartient à la (2 mots) Gaule narbonnaise
18%
U Elle prend sa source au col du Longet Ubaye
14%
K Chanteuse née à Marseille en 1998 (prénom et nom) Marina Kaye
9%
T Narbonne est établie pour défendre Rome contre les Cimbres et les Teutons
9%
V Nom de Marseille à l'époque révolutionnaire. La... Ville-sans-nom
5%
J En 1125, suite à un traité, il obtient le marquisat de Provence (prénom et surnom) Alphonse Jourdain
0%
M Compositeur né à Marseille en 1892 (prénom et nom) Darius Milhaud
0%
Q Peintre, verrier et enlumineur mort en Avignon vers 1466 (prénom et nom) Enguerrand Quarton
0%
E Site paléolithique situé à Saint-Estève-Janson (4 mots) Grotte de l'Escale
0%
H Constructions du néolithique visible à Fontvieille Hypogées
0%
O Peuple ligure qui menace Nice et Cannes au IIe siècle avant J.C. Oxybiens
0%
P Nom de Toulon à l'époque révolutionnaire Port-la-Montagne
0%
R Les Préalpes de Castellane, en Provence, culminent au Puy de... Rent
0%
X Evêque de Marseille de 1710 à 1755 (prénom et nom) Xavier de Belsunce
0%
Y Directeur de la rédaction de l'Express de 1987 à 1994, écrivain et journaliste (prénom et nom) Yann de l'Ecotais | Yann Rouxeau de l'Ecotais
0%
Aucun quiz correspondant
Distribution des résultats
% des personnes avec chaque résultat
Percentile par nombre de réponses
Votre historique - résultats
Vous n’avez pas pris ce quiz